| 000 | 00437nam a22001457a 4500 | ||
|---|---|---|---|
| 003 | OSt | ||
| 008 | 260116b |||||||| |||| 00| 0 eng d | ||
| 082 |
_a581.2326 _bD18S |
||
| 100 | _aDass, Atul Ranjan | ||
| 245 | _aStudies On Drechslera sacchari (van Breda de Haan) Butler, The Incitant of Eye Spot Disease of Sugarcane | ||
| 260 |
_aPusa, Samastipur _bDRPCAU _c1996 |
||
| 300 | _a70p | ||
| 502 | _bM.Sc.(Pl. Pathology) | ||
| 942 |
_2ddc _cT |
||
| 999 |
_c49813 _d49813 |
||